|
|
|
|
| LEADER |
01389nam a2200289 a 4500 |
| 001 |
497 |
| 003 |
BD-DhAAL |
| 005 |
20231002160801.0 |
| 008 |
150710s1998 bg a b 000 0beng |
| 010 |
|
|
|a 98908747
|
| 020 |
|
|
|z 9840514440
|
| 040 |
|
|
|a DLC
|c DLC
|d BD-DhAAL
|
| 050 |
0 |
0 |
|a HV7911.K43
|b A3 1998
|
| 082 |
|
|
|a 363.2/095492
|
| 100 |
1 |
|
|a Khandaker, A. R.
|q (Abdur Raquib)
|9 13000
|
| 245 |
1 |
0 |
|a Society, politics, and public order :
|b memoirs of a police chief /
|c A.R. Khandaker.
|
| 260 |
|
|
|a Dhaka :
|b University Press,
|c 1998.
|
| 300 |
|
|
|a xii, 266 p. :
|b ill. ;
|c 22 cm.
|
| 504 |
|
|
|a Includes bibliographical references (p. [265]-266).
|
| 541 |
|
|
|a Complimentary copy from BIED
|e 497
|
| 600 |
1 |
0 |
|a Khandaker, A. R.
|q (Abdur Raquib)
|9 13001
|
| 650 |
|
0 |
|a Police
|z Bangladesh
|x Biography.
|9 13002
|
| 942 |
|
|
|2 ddc
|c BK
|
| 999 |
|
|
|c 35009
|d 35009
|
| 952 |
|
|
|0 0
|1 0
|2 ddc
|4 0
|6 363_209549200000000_KHA
|7 0
|9 44613
|a SCL
|b SCL
|c GEN
|d 2015-01-01
|g 395.00
|l 0
|o 363.2095492 KHA
|p 3020001005
|r 2015-01-01
|t 2
|w 2015-01-01
|y BK
|
| 952 |
|
|
|0 0
|1 0
|2 ddc
|4 0
|6 363_209549200000000_KHA
|7 0
|9 54891
|a SCL
|b SCL
|c GEN
|d 2015-07-10
|g 395.00
|l 0
|o 363.2095492 KHA
|p 3020000497
|r 2015-07-10
|t 1
|w 2015-07-10
|y BK
|
| 952 |
|
|
|0 0
|1 0
|2 ddc
|4 0
|6 363_209549200000000_KHA
|7 0
|9 74498
|a BRACUL
|b BRACUL
|c GEN
|d 2023-10-02
|e Complimentary copy from BIED
|l 0
|o 363.2095492 KHA
|p 3010041784
|r 2023-10-02
|t 2
|w 2015-01-01
|y BK
|x Transferred from BIED to General Stacks
|